000 00561nam a2200181Ia 4500
008 090123s9999 xx 000 0 und d
082 _b9996
_a891.463/माडखो
100 _aमाडखोलकर ग. त्र्य.
245 _aअनघा
250 _a1
260 _bमॅजेस्टिक प्रकाशन
_c1979
300 _a252
600 _aमाडखोलकर ग. त्र्य.
630 _aअनघा
700 _aमाडखोलकर ग. त्र्य.
730 _aअनघा
942 _cBOOK
999 _c48062
_d48062